Derecho administrativo
সংরক্ষণ করুন:
| প্রধান লেখক: | |
|---|---|
| বিন্যাস: | গ্রন্থ |
| ভাষা: | স্প্যানিশ |
| প্রকাশিত: |
Madrid
Marcial Pons
1991
|
| বিষয়গুলি: | |
| ট্যাগগুলো: |
ট্যাগ যুক্ত করুন
কোনো ট্যাগ নেই, প্রথমজন হিসাবে ট্যাগ করুন!
|
MARC
| LEADER | 00000nam a2200000 a 4500 | ||
|---|---|---|---|
| 001 | UCV3413 | ||
| 003 | CL-VaPUC | ||
| 008 | 930709e19910000SP |||||||||||||||||spa|d | ||
| 082 | 0 | 4 | |a 342.06 |b PAR |2 21 |
| 100 | |a Parada Vásquez, José Ramón |e autor |9 297848 | ||
| 245 | 1 | 0 | |a Derecho administrativo |
| 300 | |a 3 v | ||
| 942 | |c BK | ||
| 945 | |d 19930709 00:00:00 | ||
| 260 | |a Madrid |b Marcial Pons |c 1991 | ||
| 650 | 0 | |a Derecho administrativo |9 254851 | |
| 583 | |a last modification |c 19930709 00:00:00 |k Rodrigo Vera | ||
| 999 | |c 210641 |d 210639 | ||
| 952 | |0 0 |1 0 |4 0 |6 342_060000000000000_PAR_1991 |7 0 |8 A |9 187021 |a BIBDER |b BIBDER |d 2019-11-14 |h v.1 |i 2546701 |l 3 |o 342.06 PAR 1991 |p 2546701 |r 2024-12-11 |s 2024-12-11 |w 2019-11-14 |y BK |k DER | ||
| 952 | |0 0 |1 0 |4 0 |6 342_060000000000000_PAR_1991 |7 0 |8 A |9 187022 |a BIBDER |b BIBDER |d 2019-11-14 |h v.2 |i 254671K |l 3 |o 342.06 PAR 1991 |p 254671K |r 2024-12-11 |s 2024-12-11 |w 2019-11-14 |y BK |k DER | ||
| 952 | |0 0 |1 0 |4 0 |6 342_060000000000000_PAR_1991 |7 0 |8 A |9 187023 |a BIBDER |b BIBDER |d 2019-11-14 |h v.3 |i 2546728 |l 1 |o 342.06 PAR 1991 |p 2546728 |r 2023-01-25 |s 2022-09-27 |w 2019-11-14 |y BK |k DER | ||